000 00852nam a2200229Ia 4500
003 GCL
008 140319s9999 xx 000 0 ara d
040 _aGCL /
_cGCL
082 0 4 _a323.63
_bع د
100 1 _aعلى نصار
245 1 0 _aالدولة ودورها فى النشاط الاقتصادى فى الوطن العربى ( بحوث ومناقشات ندوة عقدت بالكويت فى الفترة 27 - 29 مايو 1989 /
_cعلى نصار
700 1 _aابراهيم سعدالدين
700 1 _aعبدالفتاح العموصى
700 1 _aاحمد زايد
260 _aبيروت :
_bدار الرازى للطباعة والنشر ،
_c1991
300 _a520 ص
490 _a
650 0 4 _aالاقتصاد
650 0 4 _aالتخطيط الاقتصادى
650 0 4 _aالوطن العربى
942 _2ddc
_cBK
999 _c55167
_d55167